000 00548nam a2200181 4500
001 139228
003 ES-MaACL
005 20250605154046.0
007 t|
008 070214s1960 sp r ||||1| spa d
100 1 _aSaroyan, William.
_9103843
245 1 4 _aLas aventuras de Wesley Jackson /
_cWilliam Saroyan ; versión de Eduardo de Guzmán.
260 _aBarcelona :
_bCisne,
_c1960.
300 _a288 p. ;
_c18 cm.
700 1 _aGuzmán, Eduardo de,
_d1908-1991
_961283
852 _aES-MaACL
_jC-17156
_bR.45638
999 _c139228
_d139228